Latin-to-Shavian Alphabet Quiz - Statistics

General Stats
  • This quiz has been taken 14 times
  • The average score is 29 of 48
Answer Stats
Hint Answer % Correct
pat ๐‘
100%
two ๐‘‘
100%
king ๐‘’
91%
thick ๐‘”
91%
shock ๐‘–
91%
chin ๐‘—
91%
yes ๐‘˜
91%
wing ๐‘™
91%
bad ๐‘š
91%
fair ๐‘“
91%
set ๐‘•
82%
dab ๐‘›
82%
guess ๐‘œ
82%
vile ๐‘
82%
them ๐‘ž
82%
vision ๐‘ 
64%
jam ๐‘ก
64%
zap ๐‘•
55%
hold ๐‘ฃ
55%
light ๐‘ค
55%
rat ๐‘ฎ
55%
men ๐‘ฅ
55%
not ๐‘ฏ
55%
it ๐‘ฆ
55%
eel ๐‘ฐ
55%
ebb ๐‘ง
45%
ail ๐‘ฑ
45%
after ๐‘จ
45%
eye ๐‘ฒ
45%
above ๐‘ฉ
45%
up ๐‘ณ
45%
off ๐‘ช
45%
oats ๐‘ด
45%
good ๐‘ซ
45%
hoop ๐‘ต
45%
our ๐‘ฌ
45%
oil ๐‘ถ
45%
awe ๐‘ท
45%
art ๐‘ธ
45%
hair ๐‘บ
45%
her ๐‘ป
45%
arrive ๐‘ผ
45%
wet ๐‘˜
36%
ox ๐‘ญ
36%
order ๐‘น
36%
fear ๐‘ฝ
36%
you ๐‘ฟ
36%
Shavian ๐‘พ
27%
No matching quizzes found
Score Distribution
Percent of People with Each Score
Percentile by Number Answered
Your Score History
You have not taken this quiz